Presentation Open Access
<?xml version='1.0' encoding='UTF-8'?>
<record xmlns="http://www.loc.gov/MARC21/slim">
<leader>00000nam##2200000uu#4500</leader>
<datafield tag="653" ind1=" " ind2=" ">
<subfield code="a">UWA</subfield>
</datafield>
<datafield tag="653" ind1=" " ind2=" ">
<subfield code="a">CSMC</subfield>
</datafield>
<datafield tag="653" ind1=" " ind2=" ">
<subfield code="a">KI2021</subfield>
</datafield>
<datafield tag="653" ind1=" " ind2=" ">
<subfield code="a">AI</subfield>
</datafield>
<datafield tag="653" ind1=" " ind2=" ">
<subfield code="a">DL01</subfield>
</datafield>
<datafield tag="653" ind1=" " ind2=" ">
<subfield code="a">Data Linking</subfield>
</datafield>
<datafield tag="653" ind1=" " ind2=" ">
<subfield code="a">ECR</subfield>
</datafield>
<datafield tag="711" ind1=" " ind2=" ">
<subfield code="a">44th German Conference on Artificial Intelligence</subfield>
<subfield code="c">Virtual Conference</subfield>
<subfield code="d">September 27 – Oct 1, 2021</subfield>
<subfield code="g">KI2021</subfield>
<subfield code="n">Early Career Research Consortium</subfield>
</datafield>
<datafield tag="500" ind1=" " ind2=" ">
<subfield code="a">The Early Career Research Consortium was supported by the Deutsche Forschungsgemeinschaft (DFG, German Research Foundation) under Germany's Excellence Strategy - EXC 2176 'Understanding Written Artefacts: Material, Interaction and Transmission in Manuscript Cultures', project no. 390893796.</subfield>
</datafield>
<controlfield tag="005">20240228203135.0</controlfield>
<datafield tag="024" ind1=" " ind2=" ">
<subfield code="a">10.25592/uhhfdm.9613</subfield>
<subfield code="2">doi</subfield>
</datafield>
<datafield tag="909" ind1="C" ind2="O">
<subfield code="o">oai:fdr.uni-hamburg.de:9613</subfield>
<subfield code="p">user-csmc</subfield>
<subfield code="p">user-uhh</subfield>
</datafield>
<datafield tag="041" ind1=" " ind2=" ">
<subfield code="a">eng</subfield>
</datafield>
<datafield tag="856" ind1="4" ind2=" ">
<subfield code="y">Conference website</subfield>
<subfield code="u">https://ki2021.uni-luebeck.de/</subfield>
</datafield>
<datafield tag="773" ind1=" " ind2=" ">
<subfield code="a">10.25592/uhhfdm.9612</subfield>
<subfield code="i">isVersionOf</subfield>
<subfield code="n">doi</subfield>
</datafield>
<datafield tag="540" ind1=" " ind2=" ">
<subfield code="u">https://creativecommons.org/licenses/by/4.0/legalcode</subfield>
<subfield code="a">Creative Commons Attribution 4.0 International</subfield>
</datafield>
<datafield tag="100" ind1=" " ind2=" ">
<subfield code="a">Sylvia Melzer</subfield>
<subfield code="u">Universität Hamburg</subfield>
<subfield code="0">(orcid)0000-0002-0144-5429</subfield>
</datafield>
<datafield tag="520" ind1=" " ind2=" ">
<subfield code="a"><p>The early career research consortium has provided young researchers from any subject area within AI with the opportunity to present their ideas and receive feedback at an early stage of at their scientific work. We have invited young researchers to present their research and established connections with new researchers.</p>
<p>The early career research consortium has also provided to discuss their research interests and career objectives with established researchers in AI and to network with other participants.</p>
<p>The accepted contributions are:</p>
<ul>
<li>
<p>Jan Martin Spreitzenbarth: <strong>KI 2021 DC: AI Methods in Procurement </strong>(<a href="https://www.fdr.uni-hamburg.de/record/9613/files/KI2021_ECR_submission1.zip?download=1">download submission</a>)<strong> </strong></p>
</li>
<li>
<p>Juliane Ressel:<strong> Adoption of Artificial Intelligence in the Insurance Sector: Creating a Governance Framework to Ensure Consumer Protection</strong> (<a href="https://www.fdr.uni-hamburg.de/record/9613/files/KI2021_ECR_submission2.zip?download=1">download submission</a>)</p>
</li>
<li>
<p>Sumaiya Suravee: <strong> Methods for Automated Learning of Semantic Structures from Textual Data</strong><br>
(<a href="https://www.fdr.uni-hamburg.de/record/9613/files/KI2021_ECR_submission3.zip?download=1">download submission</a>)</p>
</li>
<li>
<p>Honghu Xue: <strong>Efficient Deep Reinforcement Learning Using Model-based RL </strong>(<a href="https://www.fdr.uni-hamburg.de/record/9613/files/KI2021_ECR_submission4.zip?download=1">download submission</a>)</p>
</li>
<li>
<p>Vadym Gryshchuk: <strong>Encoding of Semantic Knowledge in Convolutional Neural Networks: Visual and Textual Explanations </strong></p>
</li>
<li>
<p>Mena Leemhuis: <strong>Cone-based Embeddings for Logics with Negation</strong> (<a href="https://www.fdr.uni-hamburg.de/record/9613/files/KI2021_ECR_submission6.zip?download=1">download submission</a>)</p>
</li>
</ul>
<p>The submitted abstracts and presentations are in this upload for which permission to publish has been granted.</p></subfield>
</datafield>
<datafield tag="542" ind1=" " ind2=" ">
<subfield code="l">open</subfield>
</datafield>
<datafield tag="980" ind1=" " ind2=" ">
<subfield code="a">presentation</subfield>
</datafield>
<datafield tag="245" ind1=" " ind2=" ">
<subfield code="a">Early Career Research Consortium</subfield>
</datafield>
<datafield tag="980" ind1=" " ind2=" ">
<subfield code="a">user-csmc</subfield>
</datafield>
<datafield tag="980" ind1=" " ind2=" ">
<subfield code="a">user-uhh</subfield>
</datafield>
<datafield tag="650" ind1="1" ind2="7">
<subfield code="a">cc-by</subfield>
<subfield code="2">opendefinition.org</subfield>
</datafield>
<datafield tag="856" ind1="4" ind2=" ">
<subfield code="s">143019</subfield>
<subfield code="u">https://www.fdr.uni-hamburg.de/record/9613/files/KI2021_ECR_agenda.pdf</subfield>
<subfield code="z">md5:61d230ea196b6c86788d218e04eb413a</subfield>
</datafield>
<datafield tag="856" ind1="4" ind2=" ">
<subfield code="s">11285393</subfield>
<subfield code="u">https://www.fdr.uni-hamburg.de/record/9613/files/KI2021_ECR_ALL.pdf</subfield>
<subfield code="z">md5:639526d11ed24681d312b0c3f71e9780</subfield>
</datafield>
<datafield tag="856" ind1="4" ind2=" ">
<subfield code="s">1448295</subfield>
<subfield code="u">https://www.fdr.uni-hamburg.de/record/9613/files/KI2021_ECR_submission1.zip</subfield>
<subfield code="z">md5:0b3e47b87994545b8009c6b7d73fbeb5</subfield>
</datafield>
<datafield tag="856" ind1="4" ind2=" ">
<subfield code="s">131689</subfield>
<subfield code="u">https://www.fdr.uni-hamburg.de/record/9613/files/KI2021_ECR_submission2.zip</subfield>
<subfield code="z">md5:dd963797b636425c302bdac1226f121c</subfield>
</datafield>
<datafield tag="856" ind1="4" ind2=" ">
<subfield code="s">1642797</subfield>
<subfield code="u">https://www.fdr.uni-hamburg.de/record/9613/files/KI2021_ECR_submission3.zip</subfield>
<subfield code="z">md5:e3292477a3d3fa6674ce580e79fee69c</subfield>
</datafield>
<datafield tag="856" ind1="4" ind2=" ">
<subfield code="s">11188296</subfield>
<subfield code="u">https://www.fdr.uni-hamburg.de/record/9613/files/KI2021_ECR_submission4.zip</subfield>
<subfield code="z">md5:5fae1f89cf4fe21217dea7929071f009</subfield>
</datafield>
<datafield tag="856" ind1="4" ind2=" ">
<subfield code="s">342998</subfield>
<subfield code="u">https://www.fdr.uni-hamburg.de/record/9613/files/KI2021_ECR_submission6.zip</subfield>
<subfield code="z">md5:cf5ef93e1c6f3bbd756993cbaf81a65f</subfield>
</datafield>
<datafield tag="856" ind1="4" ind2=" ">
<subfield code="s">25864087</subfield>
<subfield code="u">https://www.fdr.uni-hamburg.de/record/9613/files/KI2021_ECR_submissionALL.zip</subfield>
<subfield code="z">md5:87dc416bf2c6e731c06b5e9a0a299f55</subfield>
</datafield>
<datafield tag="260" ind1=" " ind2=" ">
<subfield code="c">2021-09-27</subfield>
</datafield>
<controlfield tag="001">9613</controlfield>
</record>